Médecine et moeurs de l'ancienne Rome d'après les poètes latins / (Record no. 53242)

MARC details
000 -LEADER
campo de control de longitud fija 00487nam a22001575i 4500
001 - NÚMERO DE CONTROL
campo de control 53242
003 - IDENTIFICADOR DE NÚMERO DE CONTROL
campo de control ES-MaACL
007 - CAMPO FIJO DE DESCRIPCIÓN FÍSICA--INFORMACIÓN GENERAL
campo de control de longitud fija t|
008 - DATOS DE LONGITUD FIJA--INFORMACIÓN GENERAL
campo de control de longitud fija 950911s1885 fr a ||||1| fre d
040 ## - FUENTE DE CATALOGACIÓN
Centro catalogador/agencia de origen CAM
Lengua de catalogación spa
Centro/agencia transcriptor CAM
100 1# - ENTRADA PRINCIPAL--NOMBRE DE PERSONA
Nombre de persona Dupouy, Edmond.
9 (RLIN) 46113
245 10 - MENCIÓN DEL TÍTULO
Título Médecine et moeurs de l'ancienne Rome d'après les poètes latins /
Mención de responsabilidad, etc. par Edmond Dupouy.
260 ## - PUBLICACIÓN, DISTRIBUCIÓN, ETC.
Lugar de publicación, distribución, etc. Paris :
Nombre del editor, distribuidor, etc. J.B. Baillière et Fils,
Fecha de publicación, distribución, etc. 1885.
300 ## - DESCRIPCIÓN FÍSICA
Extensión XVII, 430 p., [3] h. de lám. ;
Dimensiones 19 cm.
852 ## - LOCALIZACIÓN
Ubicación ES-MaACL
Número de control de estantería G-7403
Holdings
Estatus retirado Estado de pérdida Estado de daño No para préstamo Colección Biblioteca de origen Biblioteca actual Ubicación en estantería Fecha de adquisición Fuente de adquisición Total de préstamos Signatura topográfica completa Código de barras Visto por última vez Precio de reemplazo Tipo de ítem Koha
        Libros del s. XIX Biblioteca del Ateneo de Madrid Biblioteca del Ateneo de Madrid Depósito 2 17/01/2008     G-7403 1055942 23/02/2023 23/02/2023 Libro impreso antiguo